Tiêu chuẩn nhà nước : Tranzito ST 351, ST 353 : TCVN 4027-85 /

Na minha lista:
Detalhes bibliográficos
Autor principal: Xí nghiệp bán dẫn Việt Nam
Formato: Livro
Idioma:Vietnamese
Publicado em: H. : Khoa học và kỹ thuật Nhà nước , 1980
Edição:In lần thứ 1
Assuntos:
Tags: Adicionar Tag
Sem tags, seja o primeiro a adicionar uma tag!
Thư viện lưu trữ: Thư viện Trường CĐ Kỹ Thuật Cao Thắng
LEADER 00795nam a2200217 a 4500
001 TVCDKTCT3639
003 Thư viện trường Cao đẳng Kỹ thuật Cao Thắng
005 20051007000000
008 051007
980 \ \ |a Thư viện Trường CĐ Kỹ Thuật Cao Thắng 
024 |a RG_1 #1 eb0 i1 
041 0 # |a vie 
082 # # |a 389.621.3 /   |b T309C-tr 
100 1 # |a Xí nghiệp bán dẫn Việt Nam 
245 0 0 |a Tiêu chuẩn nhà nước : Tranzito ST 351, ST 353 : TCVN 4027-85 /  |c Xí nghiệp bán dẫn Việt Nam 
250 # # |a In lần thứ 1 
260 # # |a H. :  |b Khoa học và kỹ thuật Nhà nước ,  |c 1980 
300 # # |a 28tr. ;  |c 21cm 
650 # 4 |a Tiêu chuẩn kỹ thuật 
650 # 4 |a Điện tử 
650 # 4 |a Tranzito